00334nam a2200133Ia 4500008004100000100003000041245002800071250000800099260005000107300000800157650001300165942000700178999001500185190216s9999||||xx |||||||||||||| ||und|| a"Venugopalan K,Basheer V" 0aIndian Financial System a1ST bCalicut University Central Co-Operativec2006 a400 aCommerce cBK c8225d8225